=LDR 00000nam 2200000 4500 =001 INLIS000000000048261 =005 20161011083448.0 =006 =007 =008 =020 ##$$a 979-3191-85-6 =035 ##$$0010-101600000000019 =040 ##$$a NBPDMAT =082 ##$$a 445 =090 ##$$a 445 Pus b =100 ##$$a Puspita Sari =245 ##$$a Belajar cepat bahasa Perancis $c Puspita Sari =260 ##$$a Jakarta $b Tugu Publishier $c 2012 =300 ##$$a 180 $c 19 cm =500 ##$$a Penerjemah : Dewangga =650 ##$$a Bahasa Perancis - Tata Bahasa =700 ##$$a Dewangga =850 ##$$a NBPDMAT =990 ##$$a 51600193 =990 ##$$a 0001/BPAP-NTB/2016